00426nam a2200109Ia 45000010005000000080041000050200021000460820022000671000053000892450150001422600024002923083241024s9999 xx 000 0 und d a978-9945-888-1-3 aRD/507.04/R426g/1 aRepública Domincana. Ministerio de Educación 0aLa Gestión del Riesgo: un temacurricular. Manual Metodógico para trabajar la Gestión de Riesgo en el aula. Manual de capacitación docente bSanto Domingoc2013